000 00296nam a22001337a 4500
008 170307b xxu||||| |||| 00| 0 eng d
020 _a9780323016681
041 _aeng
080 _25TH
_a611
100 _a6
101 _aSHM
245 _aANATOMY & PHYSIOLOGY
_cTHIBODEAU, G.A
942 _2udc
_cBK
999 _c6966
_d6966